[Event "Tradewise Gibraltar 2016 - Chalengers A"]
[Site "Gibraltar ENG"]
[Date "2016.01.29"]
[Round "5.5"]
[White "Campbell, Charles"]
[Black "Hamer, Martyn"]
[Result "1-0"]
[WhiteElo "2157"]
[BlackElo "2058"]
[PlyCount "73"]
[EventDate "2016.01.25"]
[EventType "swiss"]
[EventRounds "5"]
[EventCountry "ENG"]
[Source "lmi"]
[SourceDate "2016.01.25"]

1. d4 Nf6 2. c4 g6 3. Nf3 Bg7 4. g3 O-O 5. Bg2 d6 6. O-O Nc6 7. Nc3 a6 8. h3
Rb8 9. e4 b5 10. e5 dxe5 11. dxe5 Qxd1 12. Rxd1 Nd7 13. e6 fxe6 14. cxb5 axb5
15. Ng5 Nd4 16. Be3 c5 17. Bxd4 Bxd4 18. Nxe6 Bxf2+ 19. Kh2 Rf6 20. Nd8 Ne5 21.
Nd5 Rf8 22. Nxe7+ Kh8 23. Nec6 Nxc6 24. Nxc6 Rb7 25. Rf1 Rbf7 26. Rad1 b4 27.
Rd2 Ba6 28. Rfd1 Be3 29. Rd8 Kg7 30. Rxf8 Rxf8 31. Rd7+ Rf7 32. Rd6 Bb5 33. Ne5
Re7 34. Bc6 Bxc6 35. Nxc6 Bc1 36. Nxe7 Be3 37. Nc6 1-0

[Event "Tradewise Gibraltar 2016 - Chalengers A"]
[Site "Gibraltar ENG"]
[Date "2016.01.29"]
[Round "5.6"]
[White "Pabalan, Rocky"]
[Black "Boado Rodriguez, Martin"]
[Result "1-0"]
[WhiteElo "2089"]
[BlackElo "2121"]
[PlyCount "91"]
[EventDate "2016.01.25"]
[EventType "swiss"]
[EventRounds "5"]
[EventCountry "ENG"]
[Source "lmi"]
[SourceDate "2016.01.25"]

1. e4 Nf6 2. e5 Nd5 3. c4 Nb6 4. d4 d6 5. exd6 cxd6 6. Nc3 g6 7. Be3 Bg7 8. Rc1
O-O 9. b3 e5 10. dxe5 dxe5 11. Qxd8 Rxd8 12. c5 N6d7 13. Bc4 Nc6 14. Ne4 Na5
15. Bd5 Nf8 16. Nd6 Rd7 17. Nf3 h6 18. O-O Re7 19. Rfd1 Be6 20. b4 Bxd5 21.
Rxd5 Nc6 22. b5 e4 23. Ne1 Nd8 24. Nc2 a6 25. a4 axb5 26. axb5 Nfe6 27. g3 Ra4
28. Nc8 Rc7 29. Nb6 Ra5 30. Rcd1 Bf6 31. Nd7 Be7 32. Rb1 h5 33. Rb2 Nf8 34.
Nxf8 Kxf8 35. c6 Ra8 36. cxb7 Rxb7 37. Nb4 Ra5 38. b6 Nc6 39. Rxa5 Nxa5 40. Nd5
Ba3 41. Ra2 Rd7 42. Nf6 Rd3 43. Rxa3 Rd1+ 44. Kg2 Nc4 45. Ra8+ Kg7 46. Bg5 1-0

[Event "Tradewise Gibraltar 2016 - Chalengers A"]
[Site "Gibraltar ENG"]
[Date "2016.01.29"]
[Round "5.7"]
[White "Erdelyi, Tamas Dr"]
[Black "Burrows, Martin P"]
[Result "1-0"]
[WhiteElo "2082"]
[BlackElo "2115"]
[PlyCount "107"]
[EventDate "2016.01.25"]
[EventType "swiss"]
[EventRounds "5"]
[EventCountry "ENG"]
[Source "lmi"]
[SourceDate "2016.01.25"]

1. Nf3 Nf6 2. c4 g6 3. Nc3 Bg7 4. g3 O-O 5. Bg2 d6 6. O-O Nc6 7. Rb1 a5 8. a3
e5 9. d3 h6 10. b4 axb4 11. axb4 Be6 12. Nd2 Rb8 13. b5 Ne7 14. Ba3 Qd7 15. Re1
Bh3 16. Bf3 Ng4 17. c5 dxc5 18. Bxc5 Rfe8 19. Bxe7 Rxe7 20. Qc2 f5 21. Nd5 Rf7
22. Rec1 e4 23. dxe4 fxe4 24. Qxe4 Re8 25. Qc4 Ne5 26. Qb3 Be6 27. Bg2 c6 28.
bxc6 bxc6 29. e4 Rd8 30. Nb6 Qxd2 31. Qxe6 Qxf2+ 32. Kh1 Rd2 33. Rg1 Qe3 34.
Nc4 Nxc4 35. Rb8+ Bf8 36. Qxg6+ Rg7 37. Qe6+ Rf7 38. Qxc4 Kg7 39. Rb3 Qg5 40.
Qc3+ Kh7 41. Qxc6 Bc5 42. Rb7 Rdf2 43. Rxf7+ Rxf7 44. Rd1 Qe3 45. Qe6 Kg7 46.
e5 Qe2 47. Qd5 Rf2 48. Rb1 Bb4 49. h4 Be7 50. Rb7 Rf7 51. Qe6 Qf2 52. Qg4+ Kh8
53. e6 Rf8 54. Rxe7 1-0

[Event "Tradewise Gibraltar 2016 - Chalengers A"]
[Site "Gibraltar ENG"]
[Date "2016.01.29"]
[Round "5.8"]
[White "Odeh, Kenneth"]
[Black "Midonet, Matthieu"]
[Result "0-1"]
[WhiteElo "2014"]
[BlackElo "2211"]
[PlyCount "120"]
[EventDate "2016.01.25"]
[EventType "swiss"]
[EventRounds "5"]
[EventCountry "ENG"]
[Source "lmi"]
[SourceDate "2016.01.25"]

1. e4 c5 2. Nc3 Nc6 3. g3 g6 4. Bg2 Bg7 5. d3 Rb8 6. Be3 b5 7. Qd2 b4 8. Nd1 d6
9. f4 Qc7 10. Nf3 Nd4 11. O-O h5 12. Nh4 Nh6 13. h3 e6 14. c3 bxc3 15. bxc3 Nc6
16. Rc1 Ne7 17. d4 c4 18. Bf2 d5 19. Ne3 dxe4 20. Bxe4 Nhf5 21. Nhxf5 gxf5 22.
Bg2 h4 23. d5 hxg3 24. Bxg3 exd5 25. Nxd5 Nxd5 26. Qxd5 Be6 27. Qc6+ Qxc6 28.
Bxc6+ Ke7 29. Bg2 Rb2 30. Rf2 Rhb8 31. Bh4+ Kf8 32. Rcc2 Rb1+ 33. Rf1 a5 34.
Bf2 R8b2 35. Rxb1 Rxb1+ 36. Kh2 Kg8 37. Kg3 Rd1 38. Kh2 Rd3 39. Be1 Re3 40. Bd2
Re2 41. Rb2 Bd5 42. Bc1 Rxg2+ 43. Rxg2 Bxg2 44. Kxg2 Bxc3 45. Kf1 a4 46. Ke2
Kg7 47. Kd1 Kg6 48. Kc2 Bd4 49. Bd2 Kh5 50. Be1 Bf6 51. Bf2 Bh4 52. Be3 Be1 53.
Kd1 Bg3 54. Kc2 Kh4 55. Kc3 Kxh3 56. Kb4 Kg4 57. Kxa4 Bxf4 58. Bd4 Bd2 59. Ka3
f4 60. Kb2 Be3 0-1

[Event "Tradewise Gibraltar 2016 - Chalengers A"]
[Site "Gibraltar ENG"]
[Date "2016.01.29"]
[Round "5.9"]
[White "Pinho, Paulo"]
[Black "Kozarcanin, Sead"]
[Result "1-0"]
[WhiteElo "2197"]
[BlackElo "2073"]
[PlyCount "87"]
[EventDate "2016.01.25"]
[EventType "swiss"]
[EventRounds "5"]
[EventCountry "ENG"]
[Source "lmi"]
[SourceDate "2016.01.25"]

1. d4 d5 2. Nf3 Nf6 3. c4 c6 4. Nc3 a6 5. g3 Bf5 6. Bg2 e6 7. O-O Nbd7 8. Nh4
dxc4 9. Nxf5 exf5 10. d5 Rc8 11. dxc6 bxc6 12. Qa4 Qb6 13. Qxc4 Be7 14. Qd3 g6
15. Bh6 Ne5 16. Qc2 Neg4 17. Bf4 Nh5 18. Nd5 Qc5 19. Nc7+ Kf8 20. Qxc5 Bxc5 21.
Nxa6 Nxf4 22. gxf4 Bd6 23. h3 Nf6 24. Rac1 Bxf4 25. Rxc6 Rxc6 26. Bxc6 Ke7 27.
b4 Nd7 28. Rd1 Nb8 29. Nxb8 Rxb8 30. Rd7+ Ke6 31. b5 Bd6 32. Kg2 Rc8 33. Ra7
Bc5 34. Ra6 Rb8 35. a4 Ke5 36. a5 Rd8 37. b6 Rd2 38. Bf3 g5 39. Ra8 h5 40. Bxh5
Rb2 41. Bf3 Kf4 42. Re8 g4 43. hxg4 fxg4 44. Re4+ 1-0

[Event "Tradewise Gibraltar 2016 - Chalengers A"]
[Site "Gibraltar ENG"]
[Date "2016.01.29"]
[Round "5.10"]
[White "Ungureanu, Sandu"]
[Black "Gaerths, Ronny"]
[Result "1-0"]
[WhiteElo "2051"]
[BlackElo "2192"]
[PlyCount "119"]
[EventDate "2016.01.25"]
[EventType "swiss"]
[EventRounds "5"]
[EventCountry "ENG"]
[Source "lmi"]
[SourceDate "2016.01.25"]

1. g3 Nf6 2. c4 e5 3. Bg2 Nc6 4. Nc3 Bb4 5. e4 d6 6. Nge2 a6 7. a3 Bc5 8. b4
Ba7 9. O-O h5 10. d3 h4 11. Bg5 hxg3 12. hxg3 Bg4 13. Qd2 Nd4 14. Nxd4 Bxd4 15.
Be3 Qd7 16. f3 Bxe3+ 17. Qxe3 Bh3 18. g4 a5 19. b5 b6 20. Nd1 O-O-O 21. Nf2
Bxg2 22. Kxg2 Ng8 23. d4 exd4 24. Qxd4 f6 25. Qd5 Kb8 26. Rh1 Rxh1 27. Rxh1 Nh6
28. Rh3 Re8 29. Rh5 Nf7 30. Nd3 Ne5 31. Nxe5 fxe5 32. Rf5 Qe7 33. Qf7 Kc8 34.
Qxe7 Rxe7 35. Kg3 Kd7 36. Kh4 Ke6 37. Kg5 c6 38. Kg6 cxb5 39. cxb5 Rc7 40. g5
a4 41. Rf8 Rc3 42. Ra8 Rxa3 43. Kxg7 Ra1 44. g6 Ke7 45. Ra7+ Ke8 46. Kf6 Rf1
47. Ke6 Kf8 48. Rxa4 Kg7 49. Ra6 Rxf3 50. Rxb6 Re3 51. Rxd6 Rxe4 52. Kd5 Rb4
53. b6 e4 54. Re6 e3 55. Kc6 Rb3 56. b7 e2 57. Rxe2 Kxg6 58. Rc2 Kf6 59. Kc7
Rb6 60. Kxb6 1-0

[Event "Tradewise Gibraltar 2016 - Chalengers A"]
[Site "Gibraltar ENG"]
[Date "2016.01.29"]
[Round "5.11"]
[White "Gonzalez Gonzalez, Alfonso"]
[Black "Schouten, Freek"]
[Result "1/2-1/2"]
[WhiteElo "2173"]
[BlackElo "2053"]
[PlyCount "162"]
[EventDate "2016.01.25"]
[EventType "swiss"]
[EventRounds "5"]
[EventCountry "ENG"]
[Source "lmi"]
[SourceDate "2016.01.25"]

1. d4 Nf6 2. Bg5 e6 3. e4 h6 4. Bxf6 Qxf6 5. Nc3 Bb4 6. Qd2 d6 7. a3 Ba5 8. f4
Bxc3 9. bxc3 g5 10. Nh3 gxf4 11. Qxf4 Nd7 12. Bd3 e5 13. Qf2 Qxf2+ 14. Nxf2 Nf8
15. Bc4 Be6 16. Be2 O-O-O 17. O-O-O Ng6 18. g3 f5 19. Bh5 Rhg8 20. Rhe1 f4 21.
Nd3 fxg3 22. hxg3 Ne7 23. Re3 exd4 24. cxd4 Bg4 25. Rh1 Nc6 26. c3 Na5 27. Bf7
Rgf8 28. Ba2 Rf3 29. Rhe1 Rdf8 30. Kd2 Rxe3 31. Rxe3 Rf1 32. Re1 Rf3 33. Re3
Rf1 34. e5 dxe5 35. Rxe5 Nc6 36. Re8+ Kd7 37. Rg8 h5 38. Nc5+ Ke7 39. Bd5 b6
40. Ne4 Na5 41. Rg7+ Kd8 42. Ng5 c5 43. Rxa7 cxd4 44. cxd4 Ra1 45. Nf7+ Kc8 46.
Nd6+ Kd8 47. Nb7+ Nxb7 48. Bxb7 Rg1 49. Bc6 Rxg3 50. d5 Bf3 51. Rh7 Rg5 52. Ke3
Bh1 53. Kf4 Rg4+ 54. Ke5 Rg5+ 55. Kf6 Rg8 56. Rxh5 Bf3 57. Rh3 Bg2 58. Rb3 Kc7
59. Rd3 Kd6 60. a4 Be4 61. Rd2 Rg1 62. Rd4 Rf1+ 63. Kg7 Bg2 64. Kh6 Bh1 65. Kg5
Bg2 66. Kh4 Bh1 67. Kg3 Rf5 68. Rb4 Bxd5 69. Kg4 Rf2 70. Bxd5 Kxd5 71. Rxb6 Kc5
72. Rb5+ Kc6 73. Kg3 Rf8 74. Rb4 Kc5 75. Rg4 Rb8 76. Kf3 Rb4 77. Rg5+ Kb6 78.
a5+ Ka6 79. Ke3 Rb5 80. Rxb5 Kxb5 81. a6 Kxa6 1/2-1/2

[Event "Tradewise Gibraltar 2016 - Chalengers A"]
[Site "Gibraltar ENG"]
[Date "2016.01.29"]
[Round "5.12"]
[White "Kandic, Milan"]
[Black "Petersson, Baldur Teodor"]
[Result "1-0"]
[WhiteElo "2109"]
[BlackElo "1980"]
[PlyCount "111"]
[EventDate "2016.01.25"]
[EventType "swiss"]
[EventRounds "5"]
[EventCountry "ENG"]
[Source "lmi"]
[SourceDate "2016.01.25"]

1. d4 Nf6 2. Nf3 g6 3. Nc3 Bg7 4. e4 d6 5. h3 O-O 6. Be3 e5 7. Bc4 Nbd7 8. O-O
c6 9. a4 Qe7 10. d5 c5 11. a5 a6 12. Qd2 Nh5 13. Bg5 Bf6 14. Bh6 Bg7 15. Bg5
Bf6 16. Bxf6 Qxf6 17. Qg5 Qxg5 18. Nxg5 h6 19. Nf3 Nf4 20. Rfe1 f5 21. Nd2 Nf6
22. Bf1 Bd7 23. Nc4 Ne8 24. g3 Nh5 25. exf5 gxf5 26. Be2 Nhf6 27. Nb6 Rd8 28.
Kh2 Kh8 29. f4 e4 30. Rg1 Rg8 31. Rae1 h5 32. Bd1 Nc7 33. Nc4 Nb5 34. Nxb5 Bxb5
35. Ne3 Bd7 36. Rg2 Rg7 37. Reg1 Rh7 38. c3 Ng4+ 39. Bxg4 hxg4 40. h4 Kg7 41.
Rc1 Kf6 42. b4 Rc8 43. Rb2 c4 44. Ra1 Bb5 45. Nc2 Ra8 46. Rba2 Rhh8 47. Kg2 Kg6
48. Kf2 Rhg8 49. Ke3 Rh8 50. Kd4 Ra7 51. Ne3 Rc8 52. h5+ Kf6 53. Rh2 Raa8 54.
h6 Rc7 55. Rh5 Kg6 56. Rxf5 1-0

[Event "Tradewise Gibraltar 2016 - Chalengers A"]
[Site "Gibraltar ENG"]
[Date "2016.01.29"]
[Round "5.13"]
[White "Burrows, Zachary"]
[Black "Bryant, Richard B E"]
[Result "1/2-1/2"]
[WhiteElo "2074"]
[BlackElo "1961"]
[PlyCount "43"]
[EventDate "2016.01.25"]
[EventType "swiss"]
[EventRounds "5"]
[EventCountry "ENG"]
[Source "lmi"]
[SourceDate "2016.01.25"]

1. Nf3 d5 2. d4 Nf6 3. Bf4 Bf5 4. e3 c6 5. Nbd2 Nbd7 6. Be2 Qb6 7. Qc1 e6 8.
O-O Be7 9. Re1 Nh5 10. Bg5 Bxg5 11. Nxg5 Nhf6 12. Ngf3 h6 13. c4 O-O 14. Qc3
Rfe8 15. Qb3 Ne4 16. Qxb6 Nxb6 17. Nxe4 Bxe4 18. Nd2 Bg6 19. b3 f6 20. f4 Nd7
21. Bf3 f5 22. Kf2 1/2-1/2

[Event "Tradewise Gibraltar 2016 - Chalengers A"]
[Site "Gibraltar ENG"]
[Date "2016.01.29"]
[Round "5.14"]
[White "Samaganova, Alexandra"]
[Black "House, Glenn L"]
[Result "0-1"]
[WhiteElo "1992"]
[BlackElo "2226"]
[PlyCount "118"]
[EventDate "2016.01.25"]
[EventType "swiss"]
[EventRounds "5"]
[EventCountry "ENG"]
[Source "lmi"]
[SourceDate "2016.01.25"]

1. c4 Nf6 2. Nc3 g6 3. g3 Bg7 4. Bg2 O-O 5. e4 d6 6. Nge2 c5 7. O-O Nc6 8. d3
a6 9. h3 Rb8 10. f4 Bd7 11. g4 b5 12. cxb5 axb5 13. Ng3 b4 14. Nce2 Ne8 15. f5
Ne5 16. Be3 Bb5 17. d4 Nc4 18. Bc1 Qb6 19. dxc5 Qxc5+ 20. Kh1 Nxb2 21. Bxb2
Bxb2 22. Rb1 Be5 23. Rf3 Bc4 24. Qd2 Bxe2 25. Nxe2 Nf6 26. Rfb3 Qf2 27. g5 Nxe4
28. Qe3 Qxe3 29. Rxe3 Nc3 30. Rb3 gxf5 31. Nc1 Bf4 32. Re1 Bxc1 33. Rxc1 Nxa2
34. Rc7 e6 35. Ra7 Nc3 36. Bf3 d5 37. Bh5 Ne4 38. Kh2 Nc5 39. Rb1 b3 40. Rc7
Ne4 41. Bd1 Rb4 42. Rxb3 Rxb3 43. Bxb3 Nxg5 44. Kg3 Kg7 45. h4 Ne4+ 46. Kf4 Kf6
47. Rc6 Rg8 48. Bxd5 Rg4+ 49. Kf3 Rxh4 50. Ba2 Rh1 51. Kg2 Rd1 52. Bb3 Rd2+ 53.
Kf1 h5 54. Rc8 Kg7 55. Bc2 h4 56. Rc4 Rf2+ 57. Kg1 Rf4 58. Kg2 Kf6 59. Kh3 Ng5+
0-1

[Event "Tradewise Gibraltar 2016 - Chalengers A"]
[Site "Gibraltar ENG"]
[Date "2016.01.29"]
[Round "5.15"]
[White "Milnes, Anthony C P"]
[Black "Bendayan Claros, Aaron"]
[Result "0-1"]
[WhiteElo "2038"]
[BlackElo "2204"]
[PlyCount "69"]
[EventDate "2016.01.25"]
[EventType "swiss"]
[EventRounds "5"]
[EventCountry "ENG"]
[Source "lmi"]
[SourceDate "2016.01.25"]

1. f4 d5 2. Nf3 Nf6 3. e3 g6 4. Be2 Bg7 5. O-O O-O 6. d3 c5 7. Nc3 Nc6 8. Ne5
Qc7 9. Nxc6 Qxc6 10. Bf3 b5 11. Qe1 b4 12. Nd1 a5 13. Qh4 Ba6 14. Re1 Rad8 15.
Nf2 Qb6 16. e4 c4 17. e5 cxd3 18. cxd3 Nd7 19. Qxe7 Rfe8 20. Qh4 Bxd3 21. Be3
d4 22. Bd2 Bf5 23. g4 Be6 24. Ne4 Bd5 25. Ng5 Nf8 26. Bxd5 Rxd5 27. Ne4 Nd7 28.
g5 d3+ 29. Kg2 Nc5 30. Nf6+ Bxf6 31. exf6 Re2+ 32. Rxe2 dxe2 33. Be3 Rd1 34.
Qg4 Qc6+ 35. Kh3 0-1

[Event "Tradewise Gibraltar 2016 - Chalengers A"]
[Site "Gibraltar ENG"]
[Date "2016.01.29"]
[Round "5.16"]
[White "Gueler, Sebastian"]
[Black "Roman Lopez, Jesus"]
[Result "1-0"]
[WhiteElo "2189"]
[BlackElo "1984"]
[PlyCount "71"]
[EventDate "2016.01.25"]
[EventType "swiss"]
[EventRounds "5"]
[EventCountry "ENG"]
[Source "lmi"]
[SourceDate "2016.01.25"]

1. c4 c5 2. Nf3 Nf6 3. Nc3 d5 4. cxd5 Nxd5 5. d4 cxd4 6. Qxd4 Nxc3 7. Qxc3 Nc6
8. e4 e6 9. Bd2 Bd7 10. Be2 Rc8 11. O-O Qf6 12. Qxf6 gxf6 13. Bc3 e5 14. a3 a6
15. Rfd1 Be6 16. Nd2 b5 17. Nf1 Bb3 18. Rd2 Bh6 19. Ne3 O-O 20. Rd6 Rfd8 21.
Rxf6 Bxe3 22. fxe3 Bc2 23. Bg4 Rc7 24. Rc1 Bxe4 25. Ba5 Nxa5 26. Rxc7 Rd2 27.
Rf2 Rxf2 28. Kxf2 Nc4 29. Ra7 Nxb2 30. Rxa6 Nd3+ 31. Kg3 f5 32. Bf3 f4+ 33.
exf4 exf4+ 34. Kg4 Bg6 35. Kg5 Bf7 36. Kf6 1-0

[Event "Tradewise Gibraltar 2016 - Chalengers A"]
[Site "Gibraltar ENG"]
[Date "2016.01.29"]
[Round "5.17"]
[White "Eagleton, Greg T"]
[Black "Ajele, Rotimi"]
[Result "0-1"]
[WhiteElo "1981"]
[BlackElo "2163"]
[PlyCount "44"]
[EventDate "2016.01.25"]
[EventType "swiss"]
[EventRounds "5"]
[EventCountry "ENG"]
[Source "lmi"]
[SourceDate "2016.01.25"]

1. e4 e5 2. Nf3 d6 3. d4 exd4 4. Nxd4 Nf6 5. Nc3 Be7 6. Be2 O-O 7. O-O Re8 8.
f4 Nbd7 9. Bf3 Bf8 10. Nb3 Nb6 11. Kh1 c6 12. Re1 a5 13. a4 Be6 14. Nd4 Bc8 15.
g4 Nfd7 16. Qe2 Nc5 17. Qg2 d5 18. e5 f6 19. Qg3 fxe5 20. Rxe5 Nc4 21. Rxe8
Qxe8 22. Nxd5 Ne4 0-1

[Event "Tradewise Gibraltar 2016 - Chalengers A"]
[Site "Gibraltar ENG"]
[Date "2016.01.29"]
[Round "5.18"]
[White "Lung, Liviu-Catalin"]
[Black "Cramling Bellon, Anna"]
[Result "1/2-1/2"]
[WhiteElo "2141"]
[BlackElo "1830"]
[PlyCount "95"]
[EventDate "2016.01.25"]
[EventType "swiss"]
[EventRounds "5"]
[EventCountry "ENG"]
[Source "lmi"]
[SourceDate "2016.01.25"]

1. d4 d5 2. c4 c6 3. Nc3 e6 4. e3 Nf6 5. Nf3 Nbd7 6. Be2 Bd6 7. O-O O-O 8. cxd5
exd5 9. a3 Re8 10. b4 a6 11. Bd2 Ne4 12. Ne1 Ndf6 13. Rc1 Bc7 14. f4 Qe7 15.
Bf3 Nxd2 16. Qxd2 Qxe3+ 17. Qxe3 Rxe3 18. Nxd5 Nxd5 19. Bxd5 Rxa3 20. Nc2 Rc3
21. Be4 f5 22. Rf3 Rxf3 23. Bxf3 Bxf4 24. Re1 Kf8 25. d5 cxd5 26. Bxd5 Rb8 27.
g3 Bd6 28. Kf2 Bd7 29. Kf3 Bc6 30. Bxc6 bxc6 31. Re6 Bxb4 32. Rxc6 a5 33. Rc7
Ra8 34. Nxb4 axb4 35. Rb7 Ra2 36. h4 Rb2 37. Kf4 Rf2+ 38. Ke5 Rf3 39. Ke6 Re3+
40. Kxf5 Rxg3 41. Rxb4 Ke7 42. Rb7+ Kd6 43. Rb6+ Kc5 44. Re6 Rg1 45. Re7 Kd6
46. Re2 Rf1+ 47. Kg5 Rg1+ 48. Kf5 1/2-1/2

[Event "Tradewise Gibraltar 2016 - Chalengers A"]
[Site "Gibraltar ENG"]
[Date "2016.01.29"]
[Round "5.19"]
[White "Mohorea, Vasile"]
[Black "Lafortune, Emerick"]
[Result "0-1"]
[WhiteElo "2087"]
[BlackElo "1923"]
[PlyCount "58"]
[EventDate "2016.01.25"]
[EventType "swiss"]
[EventRounds "5"]
[EventCountry "ENG"]
[Source "lmi"]
[SourceDate "2016.01.25"]

1. d4 Nf6 2. Nf3 d5 3. Bf4 c5 4. e3 Qb6 5. Qc1 Nc6 6. c3 Bf5 7. Nh4 Be4 8. f3
Bg6 9. Nxg6 hxg6 10. Nd2 Nh5 11. Nb3 Nxf4 12. dxc5 Nxg2+ 13. Kf2 Qc7 14. Kxg2
Qe5 15. Bb5 Qg5+ 16. Kf2 e5 17. Qg1 Qf6 18. Qg3 Be7 19. Ke2 a6 20. Bd3 O-O-O
21. Rac1 Qe6 22. Bb1 f5 23. h3 a5 24. a4 d4 25. c4 dxe3 26. h4 Nd4+ 27. Nxd4
exd4 28. Bd3 Bxc5 29. h5 Rh6 0-1

[Event "Tradewise Gibraltar 2016 - Chalengers A"]
[Site "Gibraltar ENG"]
[Date "2016.01.29"]
[Round "5.20"]
[White "Wilen, Eero"]
[Black "Suez-Panama, Gilles"]
[Result "1/2-1/2"]
[WhiteElo "2065"]
[BlackElo "2032"]
[PlyCount "121"]
[EventDate "2016.01.25"]
[EventType "swiss"]
[EventRounds "5"]
[EventCountry "ENG"]
[Source "lmi"]
[SourceDate "2016.01.25"]

1. d4 Nf6 2. c4 g6 3. Nc3 Bg7 4. e4 d6 5. Nf3 O-O 6. Be2 Na6 7. Bg5 h6 8. Bh4
c5 9. d5 Nh5 10. Qd2 Nc7 11. Ng1 Nf6 12. f4 Qe8 13. Nf3 a6 14. a4 b6 15. O-O
Bg4 16. h3 Bxf3 17. Bxf3 Rb8 18. Rfe1 e5 19. dxe6 fxe6 20. Qxd6 Qf7 21. Bg3
Nfe8 22. Qc6 Bd4+ 23. Kh1 Ng7 24. Rad1 Rbc8 25. e5 Nd5 26. Nxd5 Rxc6 27. Nf6+
Kh8 28. Bxc6 Nf5 29. Bh2 Ne7 30. Be4 Ng8 31. Nxg8 Kxg8 32. Re2 Kg7 33. b4 h5
34. Red2 Rd8 35. Rd3 h4 36. b5 axb5 37. axb5 Qa7 38. Bg1 Qa4 39. Bxd4 Rxd4 40.
Rxd4 cxd4 41. Rc1 Qa3 42. Rd1 Qe3 43. Bf3 d3 44. c5 Qxc5 45. Rxd3 Qxb5 46. Rd6
Kf7 47. Bg4 Qf1+ 48. Kh2 Qxf4+ 49. Kh1 Qxe5 50. Rxb6 Qe1+ 51. Kh2 Qg3+ 52. Kg1
e5 53. Rb2 Qe1+ 54. Kh2 e4 55. Re2 Qg3+ 56. Kh1 e3 57. Bf3 Kf6 58. Rxe3 g5 59.
Re2 Qf4 60. Re4 Qc1+ 61. Kh2 1/2-1/2

[Event "Tradewise Gibraltar 2016 - Chalengers A"]
[Site "Gibraltar ENG"]
[Date "2016.01.29"]
[Round "5.21"]
[White "Nordquelle, Daniel"]
[Black "Tranter, Stephen"]
[Result "1/2-1/2"]
[WhiteElo "2102"]
[BlackElo "1952"]
[PlyCount "35"]
[EventDate "2016.01.25"]
[EventType "swiss"]
[EventRounds "5"]
[EventCountry "ENG"]
[Source "lmi"]
[SourceDate "2016.01.25"]

1. e4 c6 2. d4 d5 3. e5 Bf5 4. h4 h6 5. c4 e6 6. Nc3 Ne7 7. Nf3 Nd7 8. c5 b6 9.
cxb6 axb6 10. Bd3 Qc8 11. O-O Bxd3 12. Qxd3 Qa6 13. Qxa6 Rxa6 14. b4 Ra8 15.
Bd2 Nf5 16. Rfb1 Be7 17. g3 f6 18. a4 1/2-1/2

[Event "Tradewise Gibraltar 2016 - Chalengers A"]
[Site "Gibraltar ENG"]
[Date "2016.01.29"]
[Round "5.22"]
[White "Mashayekh, Majid"]
[Black "Maloberti, David"]
[Result "0-1"]
[WhiteElo "1945"]
[BlackElo "2006"]
[PlyCount "90"]
[EventDate "2016.01.25"]
[EventType "swiss"]
[EventRounds "5"]
[EventCountry "ENG"]
[Source "lmi"]
[SourceDate "2016.01.25"]

1. d4 Nf6 2. Nf3 g6 3. g3 Bg7 4. Bg2 O-O 5. O-O d6 6. b3 c5 7. c3 cxd4 8. cxd4
Nc6 9. Bb2 Bf5 10. Nc3 Rc8 11. Nh4 Bg4 12. Qd2 e5 13. d5 Nd4 14. e3 Nf5 15. Nf3
Ne7 16. Rac1 Qd7 17. Rfe1 Bh6 18. Qd3 Bf5 19. Qb5 a6 20. Qxd7 Nxd7 21. Nh4 Nc5
22. Nxf5 Nxf5 23. Rcd1 b5 24. Re2 Ne7 25. b4 Nb7 26. Red2 Rc4 27. Bf1 Rc7 28.
a4 bxa4 29. Bxa6 Ra8 30. Nb5 Rd7 31. Bxb7 Rxb7 32. Nxd6 Rxb4 33. Ba3 Rb3 34.
Nc4 Nf5 35. d6 Bg5 36. d7 Bd8 37. Rd3 f6 38. Bc5 Rab8 39. e4 Ng7 40. Nb6 R3xb6
41. Bxb6 Rxb6 42. Rc1 Ne6 43. Rc8 Kf7 44. Ra8 Ke7 45. Rxa4 Nc5 0-1

[Event "Tradewise Gibraltar 2016 - Chalengers A"]
[Site "Gibraltar ENG"]
[Date "2016.01.29"]
[Round "5.23"]
[White "Burke, Mitchell R"]
[Black "Mircov, Nicola-Alexandru"]
[Result "1/2-1/2"]
[WhiteElo "2002"]
[BlackElo "1944"]
[PlyCount "136"]
[EventDate "2016.01.25"]
[EventType "swiss"]
[EventRounds "5"]
[EventCountry "ENG"]
[Source "lmi"]
[SourceDate "2016.01.25"]

1. e4 c5 2. Nc3 Nc6 3. f4 e6 4. Nf3 d5 5. Bb5 d4 6. Bxc6+ bxc6 7. Ne2 d3 8.
cxd3 Qxd3 9. Nc3 Ne7 10. Qe2 Ba6 11. Qxd3 Bxd3 12. Ne5 Bb5 13. d3 Rd8 14. Ke2
Ng6 15. Nc4 f5 16. Be3 Be7 17. e5 Nf8 18. Rhd1 Nd7 19. Rac1 Bxc4 20. dxc4 Nb6
21. b3 h6 22. Rxd8+ Kxd8 23. Nd1 g5 24. g3 g4 25. Nf2 h5 26. h4 gxh3 27. Rh1
Ke8 28. Rxh3 Kf7 29. Rh1 Nd7 30. Kf3 Kg7 31. Rd1 Rd8 32. Nd3 Rc8 33. Nb2 Nb6
34. Bf2 Rc7 35. Nd3 Nd7 36. Be1 Rb7 37. Ba5 Kf7 38. Rd2 Kg7 39. Rb2 Kf7 40. Be1
Kg6 41. Bf2 Kf7 42. Ke2 Kg6 43. Rb1 Kf7 44. Kd2 Kg6 45. Kc2 Kf7 46. Ra1 Kg6 47.
Be1 Kf7 48. a3 Nb6 49. Rd1 Nd7 50. Nb2 Nb6 51. Rd3 Rd7 52. Bf2 Rxd3 53. Nxd3
Nd7 54. b4 cxb4 55. axb4 a6 56. Kb3 Bd8 57. Be1 Bb6 58. Ka4 Ke7 59. c5 Bc7 60.
Bf2 Nf8 61. Nb2 Ng6 62. Nd3 Kd7 63. Be1 Kc8 64. Bd2 Bd8 65. Be1 h4 66. gxh4
Bxh4 67. Bd2 Bg3 68. Be3 Nh4 1/2-1/2

[Event "Tradewise Gibraltar 2016 - Chalengers A"]
[Site "Gibraltar ENG"]
[Date "2016.01.29"]
[Round "5.24"]
[White "Jimenez Ruiz, Jose Carlos"]
[Black "Lawson, Dominic Ralph"]
[Result "0-1"]
[WhiteElo "1925"]
[BlackElo "1988"]
[PlyCount "38"]
[EventDate "2016.01.25"]
[EventType "swiss"]
[EventRounds "5"]
[EventCountry "ENG"]
[Source "lmi"]
[SourceDate "2016.01.25"]

1. c4 b6 2. Nc3 Bb7 3. e4 e6 4. g3 f5 5. Bg2 Nf6 6. d3 Bb4 7. Nge2 fxe4 8. O-O
O-O 9. dxe4 Ng4 10. Nd4 Bxc3 11. bxc3 Ne5 12. f4 Nxc4 13. Qa4 Nd6 14. Rd1 Na6
15. Ba3 Nc5 16. Bxc5 bxc5 17. Nxe6 dxe6 18. e5 Bxg2 19. exd6 Bh3 0-1

[Event "Tradewise Gibraltar 2016 - Chalengers A"]
[Site "Gibraltar ENG"]
[Date "2016.01.29"]
[Round "5.26"]
[White "Gostelow, David W"]
[Black "Boron, Anthony"]
[Result "1/2-1/2"]
[WhiteElo "2023"]
[BlackElo "1915"]
[PlyCount "61"]
[EventDate "2016.01.25"]
[EventType "swiss"]
[EventRounds "5"]
[EventCountry "ENG"]
[Source "lmi"]
[SourceDate "2016.01.25"]

1. d4 e6 2. Nf3 f5 3. g3 Nf6 4. Bg2 d5 5. O-O Bd6 6. b3 Qe7 7. c4 c6 8. Bb2
Nbd7 9. Nc3 O-O 10. Qc2 Ne4 11. Nxe4 fxe4 12. Ne5 Qg5 13. f4 exf3 14. exf3 Nxe5
15. dxe5 Be7 16. f4 Qh6 17. Bd4 g6 18. Rab1 Bd7 19. Qf2 b6 20. a4 Rac8 21. c5
b5 22. axb5 cxb5 23. Ra1 Rc7 24. Ra5 g5 25. b4 Bc6 26. Be3 Qg7 27. Qa2 Ra8 28.
Ra6 Kh8 29. Ra1 gxf4 30. Bxf4 Bg5 31. Qd2 1/2-1/2

[Event "Tradewise Gibraltar 2016 - Chalengers A"]
[Site "Gibraltar ENG"]
[Date "2016.01.29"]
[Round "5.27"]
[White "George, Lolomari Erekosima"]
[Black "Verneuil, Pascal"]
[Result "0-1"]
[WhiteElo "1937"]
[BlackElo "2205"]
[PlyCount "82"]
[EventDate "2016.01.25"]
[EventType "swiss"]
[EventRounds "5"]
[EventCountry "ENG"]
[Source "lmi"]
[SourceDate "2016.01.25"]

1. Nf3 d5 2. d4 Nf6 3. c4 c6 4. Nc3 a6 5. cxd5 cxd5 6. Bf4 Nc6 7. e3 Ne4 8. Rc1
Nxc3 9. Rxc3 e5 10. dxe5 Bb4 11. Bd3 Bxc3+ 12. bxc3 h6 13. O-O Be6 14. Nd4 Nxd4
15. exd4 Qa5 16. Qb3 O-O 17. Bd2 b5 18. f4 f5 19. h3 Qc7 20. Be2 Qf7 21. Kh1
Qg6 22. Be1 Rfc8 23. Kh2 Ra7 24. Bd2 Rb8 25. Be1 a5 26. a3 Rab7 27. Bd2 h5 28.
h4 Qe8 29. g3 g6 30. Rf3 Qf7 31. Kg2 Qc7 32. Rf1 Qb6 33. Bf3 Qc6 34. Be2 Kg7
35. Kf2 Qb6 36. Bf3 b4 37. axb4 axb4 38. Bxd5 bxc3 39. Qxb6 Rxb6 40. Bxe6 cxd2
41. d5 Rb1 0-1